- Bloom, S. W.: Az orvos és betege. Szociológiai interpretáció. Russel Sage Foundation, 1963. 270 p.
Elmentve itt :
| Szerző: | |
|---|---|
| Adatforrás: | Philobibl |
| Forrásdokumentuma: | Magyar Filozófiai Szemle 12 1968/2., 413-418. p. |
| Dokumentumtípus: | Cikk |
| Nyelv: | magyar |
| LEADER | 00366nab a2200097 c 4500 | ||
|---|---|---|---|
| 001 | bibDOK00007756 | ||
| 005 | 20200924120342.2 | ||
| 008 | 060518s1968 hu hun | ||
| 100 | 1 | |a Tahin Tamás | |
| 245 | 1 | 0 | |a - Bloom, S. W.: Az orvos és betege. Szociológiai interpretáció. Russel Sage Foundation, 1963. 270 p. |c Tahin Tamás |
| 773 | 0 | |t Magyar Filozófiai Szemle 12 |g 1968/2., 413-418. p. | |